| 000 | 01224nam a2200337 a 4500 | ||
|---|---|---|---|
| 001 | ELB72796 | ||
| 003 | FlNmELB | ||
| 006 | m o d | | ||
| 007 | cr cn||||||||| | ||
| 008 | 201012r1996 mx |||||s|||||||||||spa d | ||
| 020 | _z9789687724423 | ||
| 035 | _a(MiAaPQ)EBC3191692 | ||
| 035 | _a(Au-PeEL)EBL3191692 | ||
| 035 | _a(CaPaEBR)ebr10431086 | ||
| 035 | _a(OCoLC)1105858963 | ||
| 040 |
_aFlNmELB _bspa _cFlNmELB |
||
| 050 | 4 |
_aNA750 _bO481 1996 |
|
| 080 | _a72(72) | ||
| 082 | 0 | 4 |
_a720.972 _222 |
| 100 | 1 | _aOlivares Correa, Martha. | |
| 245 | 1 | 0 |
_aPrimer director de la Escuela de Arquitectura del siglo XX _h[recurso electronico] : _ba propósito de la vida y la obra de Antonio Rivas Mercado / _cMartha Olivares Correa. |
| 260 |
_aMéxico : _bInstituto Politécnico Nacional, _c1996. |
||
| 300 | _a265 p. | ||
| 533 | _aRecurso electrónico. Santa Fe, Arg.: e-libro, 2015. Disponible vía World Wide Web. El acceso puede estar limitado para las bibliotecas afiliadas a e-libro. | ||
| 650 | 0 |
_aArquitectura _zMéxico. |
|
| 650 | 0 |
_aArchitecture _zMexico. |
|
| 653 | _aMexico | ||
| 655 | 4 | _aLibros electrónicos. | |
| 710 | 2 | _ae-libro, Corp. | |
| 856 | 4 | 0 | _uhttps://elibro.net/ereader/usam/72796 |
| 999 |
_c154340 _d154340 |
||